Arte mural en La Laguna : la historia a través del color /
Análisis del simbolismo en pinturas murales que se encuentran en la zona lagunera, particularmente en Torreón y Gómez Palacio, a través de la obra de trece artistas (dos de ellos españoles). Se estudia en particular la forma como se hacen presentes en los murales la historia y el entorno de México y...
محفوظ في:
| المؤلف الرئيسي: | |
|---|---|
| مؤلفون آخرون: | |
| التنسيق: | كتاب |
| اللغة: | الإسبانية |
| منشور في: |
México :
Despacho de Ingeniería Cultural,
2005, c2005
|
| الموضوعات: | |
| الوسوم: |
لا توجد وسوم, كن أول من يضع وسما على هذه التسجيلة!
|
MARC
| LEADER | 00000nam^a2200000^a^4500 | ||
|---|---|---|---|
| 001 | 000186942 | ||
| 005 | 20250521000000.0 | ||
| 009 | 20260310102243.939 | ||
| 037 | |a Acervo ITESO - Biblioteca | ||
| 041 | |a ESP | ||
| 082 | |a 759. 9721 |b LEA | ||
| 100 | |a Leal Belausteguigoitia, Idoia |e (autor) | ||
| 245 | 1 | 0 | |a Arte mural en La Laguna : |b la historia a través del color / |c I. Leal Belausteguigoitia ; fotografía de L. Kanno ; presen. de Gerardo A. Belanga Gotés. |
| 264 | 4 | |a México : |b Despacho de Ingeniería Cultural, |c 2005, c2005 | |
| 300 | |a 189 p. | ||
| 336 | |a texto |b txt |2 rdacontenido | ||
| 337 | |a sin mediación |b n |2 rdamedio | ||
| 338 | |a volumen |b nc |2 rdasoporte | ||
| 520 | |a Análisis del simbolismo en pinturas murales que se encuentran en la zona lagunera, particularmente en Torreón y Gómez Palacio, a través de la obra de trece artistas (dos de ellos españoles). Se estudia en particular la forma como se hacen presentes en los murales la historia y el entorno de México y de la misma región. | ||
| 649 | |a XX | ||
| 650 | |a Pintores Mexicanos | ||
| 650 | |a Pintores Españoles | ||
| 650 | |a Artistas Mexicanos | ||
| 650 | |a Artistas Españoles | ||
| 650 | |a Pintura Mural - |z Torreón, Coahuila - |x Historia y Crítica | ||
| 650 | |a Pintura Mural - |z Gómez Palacio, Durango - |x Historia y Crítica | ||
| 650 | |a Pintura Mural - |z La Laguna (Región) - |x Historia y Crítica | ||
| 650 | |a Pintura Mural - |z México - |x Historia y Crítica | ||
| 650 | |a Pintura Mexicana - |x Historia y Crítica | ||
| 650 | |a Arte Mexicano - |x Historia y Crítica | ||
| 650 | |a Arte y Simbolismo - |z México | ||
| 650 | |a Torreón, Coahuila - |x Descripción | ||
| 650 | |a Torreón, Coahuila - |x Historia | ||
| 650 | |a Gómez Palacio, Durango - |x Descripción | ||
| 650 | |a Gómez Palacio, Durango - |x Historia | ||
| 650 | |a La Laguna (Región) - |x Descripción | ||
| 650 | |a La Laguna (Región) - |x Historia | ||
| 650 | |a México - |x Descripción | ||
| 650 | |a México - |x Historia | ||
| 650 | |a México en la Pintura | ||
| 650 | |a México en el Arte | ||
| 650 | |a Beuchot Puentes, Gerardo | ||
| 650 | |a Beuchot, Jesse | ||
| 650 | |a Esparza, Raúl | ||
| 650 | |a Ruiz Vela, Alberto | ||
| 650 | |a Muñoz Olivares, Manuel | ||
| 650 | |a Chávez Morado, José | ||
| 650 | |a González Camarena, Jorge | ||
| 650 | |a Ríos, Octavio | ||
| 650 | |a Suzán Prone, Gerardo | ||
| 650 | |a Montoya de la Cruz, Raymundo | ||
| 650 | |a Lourdes, Manuel Guillermo de | ||
| 650 | |a Bueno Díaz, Juan | ||
| 650 | |a Tarazona, Salvador | ||
| 700 | |a Kanno, Lucero |e (fotógrafo) | ||
| 910 | |a Fondo General | ||
| 920 | |a Impresos - Libros | ||
| 930 | |a Reserva Especial | ||
| 905 | |a 103 | ||
| 901 | |a 0500128860 |b IT1 |c REE |u 20250521 | ||
| 902 | |a https://opac.biblio.iteso.mx/vufind/Record/000186942 | ||